000 00527nam a2200217Ia 4500
003 OSt
005 20221005130913.0
006 a|||||r|||| 00| 0
007 ta
008 221004b |||||||| |||| 00| 0 hin d
024 _a48871
037 _cTextual
040 _aCRL
_cCRL
_bhin
041 _2hin
_ahin
082 _aP15z61, 152J5.1
245 0 _aSarala Sanskrita padya samgrha
260 _c1955
650 _aLINGUISTICS
942 _hP15z61, 152J5.1
_cTEXL
_2cc
999 _c1058756
_d1058756